Použitie nástrojov eLearningu pri príprave, vytváraní a úpravách rozvrhov

Uložené v:
Podrobná bibliografia
Hlavný autor: Marcin, Jozef, 1991- (Autor)
Ďalší autori: Galbavý, Miroslav, 1954- (Vedúci práce)
Médium: Rukopis Kniha
Jazyk:Slovak
Vydavateľské údaje: Bratislava : STU v Bratislave FIIT, 2013
Predmet:
On-line prístup:VAIS
Tagy: Pridať tag
Žiadne tagy, Buďte prvý, kto otaguje tento záznam!

MARC

LEADER 00000ntm a22000003a 4500
001 stu275775
005 20150617230237.3
008 131005s2013----xo------------------slo-d
040 |a STU  |b slo 
041 0 |a slo 
044 |a xo 
100 1 |a Marcin, Jozef,  |d 1991-  |4 aut  |u I200  |U FIIT Fakulta informatiky a informačných technológií  |T FIIT Ústav informatiky a softvérového inžinierstva  |X 5703  |U I200  |Y 179  |7 A000005703 
242 0 0 |a The use of eLearning tools for preparing, creating and editing schedules  |y eng 
245 1 |a Použitie nástrojov eLearningu pri príprave, vytváraní a úpravách rozvrhov 
260 |a Bratislava :  |b STU v Bratislave FIIT,  |c 2013 
300 |a 54 s  |c príl. 
650 7 |a informatika  |2 stusub 
650 7 |a Informatics  |2 estusub 
650 7 |a Moodle  |2 estusub 
700 1 |a Galbavý, Miroslav,  |d 1954-  |4 ths  |u I300  |U FIIT Fakulta informatiky a informačných technológií  |T FIIT Ústav aplikovanej informatiky  |X 1936  |U I300  |Y 180  |7 A000001936 
856 4 |a info a plný text  |u http://is.stuba.sk/zp/portal_zp.pl?podrobnosti=77706  |3 VAIS 
996 |b IBAP79/13  |c I*BAP79/13  |l II680  |s A  |a 24  |w stu275775_0001